Loading...
| Mythology | 0 | 5 | 1 | 2 | 45 | 96 | 106.40 | 0 | 1 | 10.13 | 20.83 |
| Religion | 0 | 4 | 1 | 2 | 35 | 95 | 110.75 | 0 | 2 | 8.34 | 29.17 |
| Science - Chemistry | 0 | 3 | 0 | 1 | 30 | 97 | 103.33 | 0 | 0 | 0.97 | 5.56 |
| Fine Arts - Other | 0 | 3 | 0 | 1 | 30 | 99 | 111.33 | 0 | 1 | 1.18 | 11.11 |
| Science - Other | 1 | 2 | 2 | 1 | 25 | 49 | 73.67 | 0 | 0 | 15.05 | 15.63 |
| Science - Physics | 0 | 3 | 2 | 1 | 20 | 67 | 87.67 | 0 | 0 | 7.12 | 15.28 |
| History - World | 0 | 2 | 1 | 0 | 15 | 73 | 97.00 | 0 | 0 | 4.20 | 5.56 |
| History - European | 1 | 0 | 0 | 1 | 15 | 69 | 69.00 | 0 | 1 | 4.98 | 9.72 |
| Social Science | 0 | 1 | 0 | 0 | 10 | 97 | 97.00 | 0 | 0 | 2.20 | 6.94 |
| Fine Arts - Classical Music | 0 | 1 | 0 | 0 | 10 | 104 | 104.00 | 0 | 0 | 3.03 | 2.78 |
| Fine Arts - Painting and Sculpture | 0 | 1 | 0 | 0 | 10 | 87 | 87.00 | 0 | 0 | 4.26 | 1.39 |
| Geography | 0 | 1 | 0 | 0 | 10 | 103 | 103.00 | 0 | 0 | 6.07 | 3.13 |
| History - Ancient/Other | 0 | 1 | 0 | 0 | 10 | 74 | 74.00 | 1 | 1 | 6.51 | 12.50 |
| Science - Biology | 0 | 0 | 0 | 0 | 0 | 0.00 | 0 | 0 | 0.00 | 0.00 | |
| Philosophy | 0 | 0 | 1 | 0 | -5 | 0.00 | 0 | 0 | 0.00 | 0.00 | |
| Current Events | 0 | 0 | 1 | 0 | -5 | 0.00 | 0 | 0 | 0.00 | 0.00 |